Top Offenses in College Football 2023 - Statistics

General Stats
  • This quiz has been taken 43 times
  • The average score is 10 of 25
Answer Stats
Team Yards per Game % Correct
Georgia 496.5
83%
LSU 543.5
80%
Texas 477.5
74%
Oregon 531.4
69%
Tennessee 448.1
66%
Ole Miss 462.1
63%
USC 466.6
63%
Oklahoma 507.0
60%
Washington 462.1
60%
Arizona 448.0
51%
North Carolina 491.2
49%
TCU 466.7
46%
SMU 454.9
34%
Kansas 446.1
31%
Kansas State 445.2
31%
South Florida 451.6
23%
UCF 487.0
23%
Memphis 458.5
20%
UAB 450.0
14%
Utah State 438.6
14%
Appalachian State 445.9
11%
Liberty 499.1
11%
Texas State 458.5
9%
North Texas 495.8
6%
South Alabama 440.5
6%
No matching quizzes found
Score Distribution
Percent of People with Each Score
Percentile by Number Answered
Your Score History
You have not taken this quiz